Opyt bor'by s inflacijej: uroki i vyvody.

Podstata a príčiny inflácie v rozvojových krajinách. Príčiny hyperinflácie. Rozdiely medzi infláciou v rozvojových a rozvinutých krajinách. Faktory inflácie (štruktúrne faktory, deficitné financovanie, rýchly rast zahraničného kapitálu, zahraničná zadĺženosť). Inflácia a prechod od administratívno-d...

Ausführliche Beschreibung

Gespeichert in:
Bibliographische Detailangaben
1. Verfasser: Nikitin, S.M
Weitere Verfasser: Semenov, Je.K
Format: Buchkapitel
Sprache:Russisch
Schlagworte:
Tags: Tag hinzufügen
Keine Tags, Fügen Sie das erste Tag hinzu!

MARC

LEADER 00000naa a2200000 4500
001 r002882
005 20220819194427.9
041 0 |a rus 
044 |a [SU] 
245 1 0 |a Opyt bor'by s inflacijej: uroki i vyvody.  |c S.M. Nikitin, Je.K. Semenov 
520 |a Podstata a príčiny inflácie v rozvojových krajinách. Príčiny hyperinflácie. Rozdiely medzi infláciou v rozvojových a rozvinutých krajinách. Faktory inflácie (štruktúrne faktory, deficitné financovanie, rýchly rast zahraničného kapitálu, zahraničná zadĺženosť). Inflácia a prechod od administratívno-direktívnej ekonomiky k ekonomike trhovej. 
610 2 0 |a inflácia 
610 2 0 |a krajiny rozvojové 
610 2 0 |a hospodárstvo trhové 
610 2 0 |a krajiny kapitalistické 
610 2 0 |a deficit 
610 2 0 |a rovnováha hospodárska 
610 2 0 |a dlhy 
610 2 0 |a vzťahy trhové 
610 2 0 |a ceny maloobchodné 
100 1 |a Nikitin, S.M. 
700 1 |a Semenov, Je.K.